Patrónkou Košíc bude svätá Alžbeta Uhorská slávnostné vyhlásenie bude 17. novembra v košickej katedrále sv. Alžbety

Bibliographic Details
Corporate Author: Tlačová agentúra Slovenskej republiky (Author)
Format: Article
Language:Slovak
PhysicalDescription:Fotografie
ISSN:1339-7605
Subjects:
Online Access:https://en.calameo.com/books/0047488293b9543934177

MARC

LEADER 00000nab a2200000u 4500
001 vtls011898236
003 SK-MaSNL
005 20260303095009.0
008 191106|20191105xo ||||||| ||00 ||slo|
038 |a KEVKJB 
040 |a KEVKJB  |b slo  |e rda 
041 0 |a slo 
043 |a e-xo--- 
044 |a xo  |c SK 
072 7 |a 27  |x Kresťanstvo. Kresťanská cirkev všeobecne. Ekleziológia  |2 konspekt 
080 |a 27-36-055.2  |2 2011 
110 2 |a Tlačová agentúra Slovenskej republiky  |4 aut  |9 177619 
245 0 0 |a Patrónkou Košíc bude svätá Alžbeta Uhorská  |b slávnostné vyhlásenie bude 17. novembra v košickej katedrále sv. Alžbety  |c [autor] TASR 
300 |b Fotografie 
336 |a text  |b txt  |2 rdacontent 
337 |a bez média  |b n  |2 rdamedia 
338 |a zväzok  |b nc  |2 rdacarrier 
600 0 7 |a Alžbeta Uhorská,  |c svätá,  |d 1207-1231  |2 SNKMA  |9 113771 
610 1 7 |a Košice (Slovensko).  |b Mesto  |2 SNKKA  |9 33800 
650 0 7 |a patrónky  |2 SNKPH  |9 75498 
651 7 |a Košice (Slovensko)  |2 SNKPHgeo  |9 18694 
773 0 |t KOŠICE:DNES  |g Roč. 6, č. 214 (5.11.2019), s. 5  |x 1339-7605 
852 |a KEVKJB  |b KIS3GCP 
856 4 1 |u https://en.calameo.com/books/0047488293b9543934177 
999 |c 1823313  |d 1825243